Central Illinois Regional Airport Destinations (Bloomington, IL, USA) - Statistics

General Stats
  • This quiz has been taken 45 times
    21 since last reset
  • The average score is 5 of 6
Answer Stats
Airline Destination % Correct
Delta Connection Atlanta
100%
American Eagle Chicago (O'Hare)
100%
American Eagle Dallas/Fort Worth
88%
Frontier Airlines Denver
88%
Allegiant Air Orlando/Sanford
88%
Allegiant Air St. Petersburg/Clearwater
24%
No matching quizzes found
Score Distribution
Percent of People with Each Score
Percentile by Number Answered
Your Score History
You have not taken this quiz since the last reset